| 000 | 004790000a22001810004500 | ||
|---|---|---|---|
| 003 | MACL | ||
| 005 | 20150731114805.0 | ||
| 008 | 150731b xxu||||| |||| 00| 0 eng d | ||
| 040 |
_aMACL _cMACL |
||
| 041 | _aEnglish | ||
| 082 | _a335/SAR | ||
| 100 |
_aSarkar, Bibekrata _93658 |
||
| 245 |
_aNationalism And Marxism in India _bQuest for People and Power |
||
| 260 |
_bKalinga Publications _c1990 _aNew Delhi |
||
| 350 | _a200 | ||
| 650 |
_aEconomics _93660 |
||
| 942 |
_cBK _k335 _2ddc |
||
| 999 |
_c3600 _d3600 |
||